000
00214nam a22000977a 4500
003
SGT
245
_a
Journal of Clinical Pediatric Dentistry
260
_b
Turpin Distribution
_c
2021
300
_a
445
942
_2
ddc
_c
BV
999
_c
30266
_d
30266